书目信息 |
| 题名: |
安于不定之中
|
|
| 作者: | 狄金森 著 ;王玮 译 | |
| 分册: | ||
| 出版信息: | 济南 山东文艺出版社 2018 |
|
| 页数: | 266页 | |
| 开本: | 21cm | |
| 丛书名: | 雅歌译丛 | |
| 单 册: | ||
| 中图分类: | I712.24 | |
| 科图分类: | ||
| 主题词: | 诗集--shi ji--美国--近代 | |
| 电子资源: | ||
| ISBN: | 978-7-5329-5640-1 | |
| 000 | 01151nam 2200301 45 | |
| 001 | 012001011101 | |
| 005 | 20140105105609.0 | |
| 010 | @a978-7-5329-5640-1@b精装@dCNY48.00 | |
| 099 | @aCAL 012018141132 | |
| 100 | @a20181106d2018 em y0chiy50 ea | |
| 101 | 1 | @achi@ceng |
| 102 | @aCN@b370000 | |
| 105 | @ay z 000gy | |
| 106 | @ar | |
| 200 | 1 | @a安于不定之中@Aan yu bu ding zhi zhong@d= In insecurity to lie@e狄金森诗选@f(美) 艾米莉·狄金森著@g王玮译@zeng |
| 210 | @a济南@c山东文艺出版社@d2018 | |
| 215 | @a266页@d21cm | |
| 225 | 2 | @a雅歌译丛@Aya ge yi cong@h第二辑 |
| 330 | @a本书从艾米莉·狄金森的诗集中精选若干名篇,包括《在这神奇的海上……》《我的车轮在暗中……》《有一个清晨人所未见……》等,充分地展现了狄金森作品丰富的想象力和高超的诗歌技巧。 | |
| 410 | 0 | @12001 @a雅歌译丛@h第二辑 |
| 500 | 10 | @aIn insecurity to lie@mChinese |
| 517 | 1 | @a狄金森诗选@Adi jin sen shi xuan |
| 606 | 0 | @a诗集@Ashi ji@y美国@z近代 |
| 690 | @aI712.24@v5 | |
| 701 | 1 | @a狄金森@Adi jin sen@g(Dickinson, Emily Elizabeth),@f1830-1886@4著 |
| 702 | 0 | @a王玮@Awang wei@4译 |
| 801 | 0 | @aCN@b上海新华@c20191020 |
| 905 | @b1137942-4@dI712.24@e1298@f3 | |
| 安于不定之中= In insecurity to lie:狄金森诗选/(美) 艾米莉·狄金森著/王玮译.-济南:山东文艺出版社,2018 |
| 266页;21cm.-(雅歌译丛.第二辑) |
| ISBN 978-7-5329-5640-1(精装):CNY48.00 |
| 本书从艾米莉·狄金森的诗集中精选若干名篇,包括《在这神奇的海上……》《我的车轮在暗中……》《有一个清晨人所未见……》等,充分地展现了狄金森作品丰富的想象力和高超的诗歌技巧。 |
| ● |
| 相关链接 |
|
|
|
|
正题名:安于不定之中
索取号:I712.24/1298
 
预约/预借
| 序号 | 登录号 | 条形码 | 馆藏地/架位号 | 状态 | 备注 |
| 1 | 1137942 | 211379426 | 第一样本阅览室/ [索取号:I712.24/1298] | 在馆 | |
| 2 | 1137943 | 211379435 | 第二借阅区/ [索取号:I712.24/1298] | 在馆 | |
| 3 | 1137944 | 211379444 | 第二借阅区/ [索取号:I712.24/1298] | 在馆 |